Statistics for Countries that End in S

Click here to take the quiz!

General Stats

  • This quiz has been taken 293 times
  • The average score is 13 of 18

Answer Stats

Answer% Correct
Barbados
86%
Solomon Islands
83%
Marshall Islands
82%
Bahamas
81%
Saint Kitts and Nevis
81%
Laos
77%
Honduras
76%
Maldives
76%
Seychelles
75%
Belarus
73%
Comoros
73%
Saint Vincent and the Grenadines
72%
Netherlands
71%
Philippines
70%
Cyprus
69%
Mauritius
68%
United Arab Emirates
59%
United States
57%

Score Distribution

Percentile by Number Answered

Percent of People with Each Score

Your Score History

You have not taken this quiz